| 000 | 00501nam a2200169 i 4500 | ||
|---|---|---|---|
| 001 | 91136 | ||
| 003 | ES-MaACL | ||
| 005 | 20230906180641.0 | ||
| 007 | t| | ||
| 008 | 050127s1913 fr ||||1| spa d | ||
| 100 | 1 |
_aLeroux, Gaston. _971792 |
|
| 245 | 1 | 3 |
_aEl misterio del cuarto amarillo / _cGaston Leroux ; traducción de Carlos Docteur. |
| 260 |
_aParís : _b[s.n., _c1913] ( _fVda. de Ch. Bouret) |
||
| 300 |
_a324 p. ; _c19 cm. |
||
| 700 | 1 |
_aDocteur, Carlos. _944960 |
|
| 852 |
_aES-MaACL _jC-2693 |
||
| 999 |
_c91136 _d91136 |
||